| 000 | 00703nam a22002417a 4500 | ||
|---|---|---|---|
| 003 | BD-DhJNU | ||
| 005 | 20250708044950.0 | ||
| 008 | 250708b |||||||| |||| 00| 0 eng d | ||
| 020 | _a9781594517594 | ||
| 020 | _a9781594517600 | ||
| 040 |
_aBD-DhJNU _bENG _cBD-DhJNU _dBD-DhJNU |
||
| 082 |
_223 _a791.43655 POH |
||
| 100 | _aPollard, Tom | ||
| 245 |
_aHollywood 9/11 : _bsuperheroes, supervillains, and super disasters / _cTom Pollard |
||
| 260 |
_aLondon : _bRoutledge, _c2016. |
||
| 300 |
_ax, 214p. : _bill. ; _c26 cm. |
||
| 504 | _aIncludes index | ||
| 650 | _aHistory | ||
| 650 | _aMotion pictures | ||
| 650 | _aUnited States | ||
| 650 | _aVillains in motion pictures | ||
| 942 |
_2ddc _cBK _n0 |
||
| 999 |
_c1870 _d1870 |
||